Crisis financieras, pobreza y distribución del ingreso /

Guardat en:
Dades bibliogràfiques
Autor principal: Baldacci, Emanuele
Altres autors: De Mello, Luiz, Inchauste, Grabriela
Format: Text
Matèries:
Etiquetes: Afegir etiqueta
Sense etiquetes, Sigues el primer a etiquetar aquest registre!

MARC

LEADER 00000 a a2200000 04500
001 8066
003
040
100 |a Baldacci, Emanuele  
245 |a Crisis financieras, pobreza y distribución del ingreso /  |c Emanuele Baldacci ; Luiz De Mello ; Grabriela Inchauste 
650 |a CRISIS  
650 |a MERCADO FINANCIERO  
650 |a POBREZA  
650 |a MEXICO  
700 |a De Mello, Luiz  
700 |a Inchauste, Grabriela  
773 |g volumen 39, número 2; páginas 24-27  
999 |c 38353  |d 38353